000 00536nam a2200181 a 4500
001 1629
005 20140414131854.0
008 010521s19uu xx 00 eng d
020 _a0-7451-5015-2
050 _aM 822.3
_bM91 2006
100 _aMulherin, Jennifer
245 _aMacbeth /
_cby Jennifer Mulherin ; illustrations by Lesley Scoble.
260 _aBath, Avon :
_bCherrytree Press,
_c1988.
300 _a32 p. : ill. ; cm.
440 _aShakespeare for everyone
650 _aShakespeare, William. Macbeth
999 _c110347
_d110347